Estudos sobre a diabete / (Record no. 156419)

MARC details
000 -LEADER
campo de control de longitud fija 00687nam a22001815i 4500
001 - NÚMERO DE CONTROL
campo de control 156419
003 - IDENTIFICADOR DE NÚMERO DE CONTROL
campo de control ES-MaACL
005 - FECHA Y HORA DE LA ÚLTIMA TRANSACCIÓN
campo de control 20230906210414.0
008 - DATOS DE LONGITUD FIJA--INFORMACIÓN GENERAL
campo de control de longitud fija 030203s1864 po |||| | por d
040 ## - FUENTE DE CATALOGACIÓN
Centro catalogador/agencia de origen CCPB | B
Lengua de catalogación spa
Centro/agencia transcriptor CCPB | B
100 1# - ENTRADA PRINCIPAL--NOMBRE DE PERSONA
Nombre de persona Jordão, Abel Maria Dias.
9 (RLIN) 128349
245 10 - MENCIÓN DEL TÍTULO
Título Estudos sobre a diabete /
Mención de responsabilidad, etc. por Abel Jordão.
260 ## - PUBLICACIÓN, DISTRIBUCIÓN, ETC.
Lugar de publicación, distribución, etc. Lisboa :
Nombre del editor, distribuidor, etc. [s.n.],
Fecha de publicación, distribución, etc. 1864 (
Fabricante Typographia da Academia)
300 ## - DESCRIPCIÓN FÍSICA
Extensión [4], 200 p. ;
Dimensiones 25 cm.
650 #4 - PUNTO DE ACCESO ADICIONAL DE MATERIA--TÉRMINO DE MATERIA
Término de materia o nombre geográfico como elemento de entrada Diabetes.
9 (RLIN) 135922
752 ## - ENTRADA AGREGADA--NOMBRE JERÁRQUICO DEL LUGAR
País o entidad superior Portugal -
Ciudad Lisboa
852 ## - LOCALIZACIÓN
Ubicación ES-MaACL
Número de control de estantería G-6770
Nota libre -- Enc. pasta española
-- -- Enc. 2 t. en 1 v.
Encuadernación -- Edic.: son 2 t. ([4], 200 ; [4], 84, [2] p.) : il. -- El T. II. tiene fecha, 1869 e il.
Holdings
Estatus retirado Estado de pérdida Estado de daño No para préstamo Colección Biblioteca de origen Biblioteca actual Ubicación en estantería Fecha de adquisición Fuente de adquisición Total de préstamos Signatura topográfica completa Código de barras Visto por última vez Precio de reemplazo Tipo de ítem Koha
        Libros del s. XIX Biblioteca del Ateneo de Madrid Biblioteca del Ateneo de Madrid Depósito 2 17/01/2008     G-6770 1163649 23/02/2023 23/02/2023 Libro impreso antiguo